The Lady of the Lake /
Збережено в:
| Автор: | |
|---|---|
| Формат: | Книга |
| Мова: | Англійська |
| Опубліковано: |
Nueva York, EUA :
Orbit,
2017, c2017
|
| Серія: | (The Witcher ;
5) |
| Предмети: | |
| Теги: |
Немає тегів, Будьте першим, хто поставить тег для цього запису!
|
MARC
| LEADER | 00000nam^a2200000^a^4500 | ||
|---|---|---|---|
| 001 | 000401223 | ||
| 005 | 20250521000000.0 | ||
| 009 | 20260310121638.798 | ||
| 020 | |a 978-0-316-27383-1 | ||
| 037 | |a Acervo ITESO - Biblioteca | ||
| 041 | |a ING | ||
| 082 | |a 891. 85 |b SAP V. 7 | ||
| 100 | |a Sapkowski, Andrzej |e (autor) | ||
| 240 | 1 | 4 | |a [La saga de Geralt de Rivia] |
| 245 | 1 | 4 | |a The Lady of the Lake / |c A. Sapkowski ; tr. por David French. |
| 264 | 4 | |a Nueva York, EUA : |b Orbit, |c 2017, c2017 | |
| 300 | |a 554 p. | ||
| 336 | |a texto |b txt |2 rdacontenido | ||
| 337 | |a sin mediación |b n |2 rdamedio | ||
| 338 | |a volumen |b nc |2 rdasoporte | ||
| 440 | 5 | |a (The Witcher ; |v 5) | |
| 500 | |a Traducción de: Pani Jeziora | ||
| 521 | |a FIL 2017 EEnlace Departamento de Lenguas | ||
| 545 | 0 | |a Andrzej Sapkowski (1948), escritor polaco renovador del género fantástico. Su producción literaria, que suele presentar dilemas morales y éticos sobre lo correcto y lo incorrecto de la sociedad contemporánea, busca una recreación de contextos, ambientes y caracteres lo más realista y creíble posible; en ella están presentes la cultura y la mitología eslavas, así como narraciones tradicionales. Entre sus personajes desfilan algunos populares y mitológicos, de quienes proporciona, a lo largo de la historia, información suficiente para conocer su tradición. Su estilo es fluido y directo, a través de frases cortas, con integración del lenguaje coloquial, con un ritmo que recuerda la literatura de la época en que se ambientan sus anécdotas. Algunas de sus obras más conocidas son la de la saga del brujo Geralt de Rivia, compuesta por siete volúmenes y la Trilogía husita. Ha sido reconocido con el premio Zajdel en cinco ocasiones (1990,1992, 1993, 1994 y 2002) por sus cuentos. | |
| 649 | |a XX | ||
| 650 | |a Brujos y Chamanes en la Literatura | ||
| 650 | |a Monstruos en la Literatura | ||
| 650 | |a Magia en la Literatura | ||
| 650 | |a Cuentos Polacos | ||
| 650 | |a Literatura Polaca - |y Siglo XX | ||
| 650 | |a Literatura Fantástica - |z Polonia | ||
| 650 | |a Literatura de Ciencia-Ficción - |z Polonia | ||
| 910 | |a Fondo General | ||
| 920 | |a Impresos - Libros | ||
| 930 | |a Colección General | ||
| 940 | |a Literatura | ||
| 905 | |a 101 | ||
| 901 | |a 0500296428 |b IT1 |c LEN |i c156698 |u 20250521 | ||
| 902 | |a https://opac.biblio.iteso.mx/vufind/Record/000401223 | ||